Łotewskie słowa - Statystyki

Ogólne statystyki
  • Ten quiz został rozwiązany 10 razy
  • Średni wynik to 8 z 20
Statystyki odpowiedzi
Hint Odpowiedź % Poprawnych
Es Ja
80%
Dievs Bóg
60%
Birojs Biuro
50%
Liels Duży
50%
Kaķis Kot
50%
Peldēt Pływać
50%
Apelsīns Pomarańcza
50%
Gribēt Chcieć
40%
Sarkans Czerwony
40%
Koks Drzewo
40%
Mazgāties Myć się
40%
Istaba Pokój (pomieszczenie)
40%
Tavs Twój
40%
Dators Komputer
30%
Krekls Koszula
30%
Logs Okno
30%
Caur Przez
30%
Draugs Przyjaciel
30%
Mācīties Uczyć się
30%
Pulkstenis Zegar
30%
Nie znaleziono quizów pasujących do podanych kryteriów
Rozkład punktacji
Procent ludzi z każdym wynikiem
Percentyl według liczby udzielonych odpowiedzi
Twoja historia wyników
Nie rozwiązałeś tego quizu